• 首页
  • 本馆介绍
  • 公告通知
  • 最新文献
  • 馆藏检索
  • 电子资源
  • 读者导购
  • 参考咨询
  • 我的图书馆
  • 登录
  • 详细信息显示
  • 放入我的书架
  • 预约/预借图书
  • 作者相关作品
  • 分类相关作品
  • 丛书相关作品
  • 出版社相关作品

书目信息

  • 表格格式
  • 工作单格式
  • 卡片格式
题名:
机械基础
    
 
作者: 张富洲 编
分册:  
出版信息: 西安   陕西科学技术出版社  1981.2
页数: 198页
开本: 20cm
丛书名:
单 册:
中图分类: TH111
科图分类:
主题词: 机构学
电子资源:
ISBN:
000 00475nam0 2200181 45
001 0312221749
005 20060519092712.75
010    @dCNY0.56
100    @a20031222d1981 km y0chiy0120 ea
101    @achi
200 1  @a机械基础@AJi Xie Ji Chu@f张富洲等编@FZhang Fu Zhou Deng Bian
210    @a西安@c陕西科学技术出版社@d1981.2
215    @a198页@d20cm
606 0  @a机构学
690    @aTH111@v3
701 0  @a张富洲@4编
801    @aCN@bTSTCL@c20060519
905    @a213230@dTH111@e16
    
    机械基础/张富洲等编.-西安:陕西科学技术出版社,1981.2
    198页;20cm
    
    
    ISBN :CNY0.56
    
●
相关链接 在E读中查询图书 在五车中查询图书 在当当中查询图书 在豆瓣中查询图书


正题名:机械基础     索取号:TH111/16         预约/预借

序号 登录号 条形码 馆藏地/架位号 状态 备注
1 0101477   001364482   第二样本阅览室/ [索取号:TH111/16] 在馆    
2 0101478   001364446   第三借阅区/ [索取号:TH111/16] 在馆    
3 0101479   202361149   密集书库/ [索取号:TH111/16] 在馆    
唐山师范学院图书馆 欢迎您!
大连网信软件有限公司© 版权所有